| 000 | 00754nam a2200241Ia 4500 | ||
|---|---|---|---|
| 003 | OSt | ||
| 005 | 20220925182526.0 | ||
| 006 | a|||||r|||| 00| 0 | ||
| 007 | ta | ||
| 008 | 220923b |||||||| |||| 00| 0 eng d | ||
| 037 | _cGeneral Book | ||
| 040 |
_aRTL _cRTL _beng |
||
| 041 |
_2eng _aeng |
||
| 082 | _aT2.44Q7214.N6, K7 | ||
| 100 |
_aShafia Khatun _9256552 |
||
| 245 | 0 | _aReprot on youth work at Comilla, 1964-1966 | |
| 260 |
_aComilla _bPakistan Academy for Rural Development _c1967 |
||
| 300 |
_aiv,43p. _ccm. |
||
| 500 | _aPakistan Academy for Rural Development (Comilla), Monographs | ||
| 650 |
_aSecondary Education _9171032 |
||
| 942 |
_hT2.44Q7214.N6, K7 _cGB _2CC |
||
| 999 |
_c502416 _d502416 |
||